004980000a220008500045001000020000002450028000203000043000485200276000917730045003671 aJunca, Humberto10aLa cocina de la pintura aVol.0, núm.0 (2007), Páginas 18-19 aEl arte y la comida están estrechamente relacionados: no solo en la apasionante y extraña historia de los bodegones flamencos del siglo XVI, sino en la esencia misma de lo que supone mezclar pigmentos para plasmar color sobre lienzos. He aquí un panorama del tema.0 tArcadia / Andrés Felipe Solano, Editor